Statistics for Kay Flock Songs

Click here to take the quiz!

General Stats

  • This quiz has been taken 128 times
  • The average score is 9 of 12

Answer Stats

Answer% Correct
PSA
95%
Is Ya Ready
91%
Brotherly Love ft. Dougie B, B-Lovee
87%
Brotherly Love Pt.2
ft. Dougie B, B-Lovee
87%
Opp Spotter ft. B-Lovee
78%
Being Honest
75%
Being Honest (G Herbo Remix)
75%
TCardi ft. Dougie B, Lil Skrap 1090, Justo B
75%
DOA ft. Set Da Trend
70%
Shake It
ft. Cardi B, Dougie B, Bory300
64%
Speed Racing ft. B-Lovee
64%
Make A Movie
ft. Fivio Foreign
38%

Score Distribution

Percentile by Number Answered

Percent of People with Each Score

Your Score History

You have not taken this quiz